Statistics for Minecraft Quiz

Click here to take the quiz!

General Stats

  • This quiz has been taken 25 times
  • The average score is 8 of 15

Answer Stats

HintAnswer% Correct
Creepers were originally the ___.Pig
91%
The Ghast is voiced by a ___.Cat
82%
Country that Minecraft was made inSweden
82%
Most popular Minecraft serverHypixel
77%
Creepers are scared of _______.Ocelots
77%
Long-believed mythHerobrine
73%
A wolf shows its health with its ____.Tail
64%
Minecraft's release dateMay 17, 2009
55%
Update 1.17Caves and Cliffs
45%
What language do Endermen speak?English
36%
Real-life name of "Notch"Markus Persson
36%
Update 1.9Combat Update
32%
short for "Infinite Development"Infdev
27%
"Mob" is short for what?Mobile
18%
Minecraft ClickbaiterPrestonPlayz
14%

Score Distribution

Percentile by Number Answered

Percent of People with Each Score

Your Score History

You have not taken this quiz